El Castillo : the politics of tradition in an Andalusian town
Αποθηκεύτηκε σε:
| Κύριος συγγραφέας: | |
|---|---|
| Μορφή: | Βιβλίο |
| Γλώσσα: | English |
| Δημοσίευση: |
Urbana :
University of Illinois Press,
c1993.
|
| Θέματα: | |
| Ετικέτες: |
Προσθήκη ετικέτας
Δεν υπάρχουν, Καταχωρήστε ετικέτα πρώτοι!
|
MARC
| LEADER | 00000cam a2200000 i 4500 | ||
|---|---|---|---|
| 001 | 1/30478 | ||
| 008 | 060531s1993 us a ||| |||| ||eng|| | ||
| 020 | |a 0252063392 | ||
| 035 | |l 10084158 | ||
| 040 | |a GR-MY-UA |b gre |e aacr | ||
| 041 | 0 | |a eng | |
| 082 | 0 | |a 306.094687 |2 (22) | |
| 100 | 1 | |a Maddox, Richard Frederick. | |
| 245 | 1 | 3 | |a El Castillo : |b the politics of tradition in an Andalusian town / |c Richard Maddox. |
| 260 | |a Urbana : |b University of Illinois Press, |c c1993. | ||
| 300 | |a x, 336 σ. : |b εικ. ; |c 23 εκ. | ||
| 504 | |a Βιβλιογραφία: σ. 303-324. Ευρετήριο. | ||
| 650 | 0 | 0 | |a Ethnology |z Spain |z Aracena. |
| 650 | 0 | 0 | |a Social structure |z Spain |z Aracena. |
| 650 | 0 | 0 | |a Country life |z Spain |z Aracena. |
| 651 | 0 | |a Aracena (Spain) |x History |x Sources. | |
| 651 | 0 | |a Aracena (Spain) |x Politics and government. | |
| 651 | 0 | |a Aracena (Spain) |x Social life customs. | |
| 852 | |a INST |b LESVOS |e 20060531 |h 306.094687 MAD |p 005100035783 |q 005100035783 |t BK |y 0 | ||
| 852 | |a INST |b LESVOS |e 20230428 |h 306.094687 MAD |p 005100064712 |q 005100064712 |t BK |y 0 | ||
| 901 | |a BIBL1-2006-2 | ||
| 970 | |a ΚΑΡΑ |b ΓΙΑΣΕΜΗ |z 2006/05/31 | ||